| 000 | 00471 a2200169 4500 | ||
|---|---|---|---|
| 003 | Nust | ||
| 005 | 20170207153432.0 | ||
| 040 | _cNust | ||
| 082 | _a005.1 | ||
| 100 | _aZaheer , Capt Imran BESE-08 | ||
| 245 |
_aCombat calculator using quantified judgement model (QJM) (Hard / Soft-copy) _cCapt Imran Zaheer & NC Abdul Haseeb BESE-08 |
||
| 260 |
_bMCS _c2006 |
||
| 300 | _a42 p | ||
| 538 | _aAlmirah No 71 Shelf No 5 | ||
| 650 | _aUG Projects | ||
| 655 | _aUG CS Projects | ||
| 942 | _cTHS | ||
| 999 |
_c186160 _d186160 |
||